| 000 | 00793cam a22002653a 4500 | ||
|---|---|---|---|
| 001 | 32085 | ||
| 003 | PGUSA | ||
| 005 | 20140828083708.0 | ||
| 008 | 100422s2010||||xxu|||||s|||||000 1 eng d | ||
| 040 |
_aPGUSA _beng |
||
| 042 | _adc | ||
| 050 | 4 | _aPS | |
| 100 | 1 |
_aBarr, Amelia Edith Huddleston, _d1831-1919 |
|
| 245 | 1 | 0 |
_aChristine : _bA Fife Fisher Girl _h[electronic resource] / _cAmelia Edith Huddleston Barr |
| 260 |
_bProject Gutenberg, _c2010 |
||
| 506 | _aPublic domain in the USA. | ||
| 516 | _aElectronic text | ||
| 653 | _aFishers -- Fiction | ||
| 653 | _aYoung women -- Fiction | ||
| 653 | _aFife (Scotland) -- Fiction | ||
| 700 | 1 |
_aMulford, Stockton, _d1886-1960 |
|
| 830 | 0 |
_aProject Gutenberg _v32085 |
|
| 856 | 4 | 0 | _uhttp://www.gutenberg.org/ebooks/32085 |
| 942 | _cEB | ||
| 999 |
_c261340 _d261340 |
||